Modelos de optimización dinámica para la firma que maximiza ventas (Registro nro. 24755)

Detalles MARC
000 -LEADER
fixed length control field 00358 a2200109 4500
001 - CONTROL NUMBER
control field ART_10453
005 - DATE AND TIME OF LATEST TRANSACTION
control field 20260410161848.0
008 - FIXED-LENGTH DATA ELEMENTS--GENERAL INFORMATION
fixed length control field 260409a
100 1# - MAIN ENTRY--PERSONAL NAME
Personal name Fernandez Pol, Jorge E.
245 10 - TITLE STATEMENT
Title Modelos de optimización dinámica para la firma que maximiza ventas
773 0# - HOST ITEM ENTRY
Title Económica
Related parts - Año XVIII, Nº 3 (sep./dic. 1972)
Record control number REV7541

No hay ítems disponibles.